ASBANA /
Պահպանված է:
| Համատեղ հեղինակ: | |
|---|---|
| Ձևաչափ: | Գիրք |
| Լեզու: | Spanish |
| Հրապարակվել է: |
San José, Costa Rica:
Asociación Bananera Nacional
|
| Խորագրեր: | |
| Ցուցիչներ: |
Ավելացրեք ցուցիչ
Չկան պիտակներ, Եղեք առաջինը, ով նշում է այս գրառումը!
|
MARC
| LEADER | 00000nam a22000007a 4500 | ||
|---|---|---|---|
| 003 | cru CIDCACS/IIS | ||
| 005 | 20201009110518.0 | ||
| 008 | 201009s1977 cr |||p|r|||||| ||spa|d | ||
| 999 | |c 43426 |d 43426 | ||
| 040 | |c cru CIDCACS/IIS | ||
| 090 | |a REV0055 | ||
| 110 | 2 | |9 9655 |a Asociación Bananera Nacional (Costa Rica) | |
| 245 | 1 | |a ASBANA / |c Asociación Bananera Nacional | |
| 260 | |a San José, Costa Rica: |b Asociación Bananera Nacional | ||
| 270 | |a Frente Casa Presidencial, Zapote |b San José | ||
| 500 | |a EXISTENCIAS : 1977 1 (1-2) 1978 2 (3-6) 1979 3 (7, 9-10) 1980 4 (11, 13) 1981 5 (14) 1982 6 (19-20) 1985 9 (23) 1991 (35) ESTADO DEL REGISTRO:Se reciben publicaciones varias de CORBANA | ||
| 500 | |a CAMBIO DE NOMBRE A CORBANA | ||
| 650 | 0 | |9 562 |a BANANOS | |
| 650 | 0 | |9 95 |a EXPORTACIONES | |
| 650 | 0 | |9 2142 |a DESARROLLO ECONOMICO | |
| 651 | 0 | |9 32 |a COSTA RICA | |
| 942 | |2 ddc |c PP | ||
